Principles of plant infection. (Record no. 23899)

MARC details
000 -LEADER
fixed length control field 00341nam a2200133Ia 4500
082 ## - DEWEY DECIMAL CLASSIFICATION NUMBER
Classification number 581.2:578,27
Item number PLA
100 ## - MAIN ENTRY--AUTHOR NAME
Personal name PLANK, J E Van Der
245 #0 - TITLE STATEMENT
Title Principles of plant infection.
260 ## - PUBLICATION, DISTRIBUTION, ETC. (IMPRINT)
Place of publication New York
Name of publisher Academic
Year of publication 1975
650 ## - SUBJECT ADDED ENTRY--TOPICAL TERM
Topical Term Inoculum
650 ## - SUBJECT ADDED ENTRY--TOPICAL TERM
Topical Term Plant infection
942 ## - ADDED ENTRY ELEMENTS (KOHA)
Koha item type Books
Holdings
Withdrawn status Lost status Damaged status Not for loan Home library Current library Date acquired Full call number Accession Number Koha item type
        RRII Library RRII Library 16/12/2021 581.2:578,27 PLA 04593 Books